[Event "2024 US National High School (K-12) Championship"]
[Site "Baltimore, Maryland, United States"]
[Date "2024.04.06"]
[Round "5.8"]
[White "Johnson, Donald"]
[Black "Liu, Ethan"]
[Result "0-1"]
[TimeControl "G/90; d10"]
[WhiteTitle "FM"]
[WhiteFideId "30949122"]
[BlackFideId "30982766"]
[WhiteElo "2287"]
[BlackElo "2125"]

1. e4 {[%clk 01:30:00]} {[%emt 00:00:18]} c5 {[%emt 00:00:30]} 2. Nf3 {[%clk
01:30:00]} {[%emt 00:00:04]} e6 {[%clk 01:29:52]} {[%emt 00:00:02]} 3. d4
{[%clk 01:30:00]} {[%emt 00:00:02]} cxd4 {[%clk 01:29:52]} {[%emt 00:00:04]} 4.
Nxd4 {[%clk 01:30:00]} {[%emt 00:00:09]} Nc6 {[%clk 01:29:52]} {[%emt
00:00:09]} 5. Nc3 {[%clk 01:30:00]} {[%emt 00:00:05]} a6 {[%clk 01:29:52]}
{[%emt 00:00:05]} 6. Nxc6 {[%clk 01:30:00]} {[%emt 00:00:09]} bxc6 {[%clk
01:29:52]} {[%emt 00:00:06]} 7. Qd3 {[%clk 01:29:05]} {[%emt 00:01:05]} d5
{[%clk 01:25:06]} {[%emt 00:04:56]} 8. Qg3 {[%clk 01:26:55]} {[%emt 00:02:20]}
Nf6 {[%clk 01:20:50]} {[%emt 00:04:26]} 9. Be2 {[%clk 01:26:30]} {[%emt
00:00:34]} d4 {[%clk 01:13:42]} {[%emt 00:07:19]} 10. e5 {[%clk 01:25:38]}
{[%emt 00:01:02]} Nd7 {[%clk 01:11:32]} {[%emt 00:02:21]} 11. Ne4 {[%clk
01:25:08]} {[%emt 00:00:39]} Qa5+ {[%clk 01:10:57]} {[%emt 00:00:46]} 12. c3
{[%clk 01:24:47]} {[%emt 00:00:30]} dxc3 {[%clk 01:07:17]} {[%emt 00:03:50]} 13.
Nxc3 {[%clk 01:24:27]} {[%emt 00:00:30]} Qxe5 {[%clk 01:03:25]} {[%emt
00:04:02]} 14. Bf4 {[%clk 01:23:38]} {[%emt 00:00:59]} Qf6 {[%clk 00:59:49]}
{[%emt 00:03:46]} 15. O-O {[%clk 01:21:56]} {[%emt 00:01:53]} e5 {[%clk
00:53:49]} {[%emt 00:06:10]} 16. Bg5 {[%clk 01:04:53]} {[%emt 00:17:12]} Qg6
{[%clk 00:52:09]} {[%emt 00:01:50]} 17. Qh4 {[%clk 00:30:00]} {[%emt 00:35:03]}
h6 {[%clk 00:45:55]} {[%emt 00:06:25]} 18. Bd8 {[%clk 00:29:29]} {[%emt
00:00:40]} Bb7 {[%clk 00:38:36]} {[%emt 00:07:30]} 19. Bh5 {[%clk 00:28:48]}
{[%emt 00:00:50]} Qe6 {[%clk 00:38:05]} {[%emt 00:00:42]} 20. Ba5 {[%clk
00:20:53]} {[%emt 00:08:04]} Be7 {[%clk 00:33:20]} {[%emt 00:04:55]} 21. Qg3
{[%clk 00:19:11]} {[%emt 00:01:52]} O-O {[%clk 00:33:04]} {[%emt 00:00:26]} 22.
Bg4 {[%clk 00:18:23]} {[%emt 00:00:58]} f5 {[%clk 00:32:16]} {[%emt 00:00:58]}
23. Be2 {[%clk 00:16:43]} {[%emt 00:01:49]} Kh8 {[%clk 00:31:13]} {[%emt
00:01:14]} 24. Rad1 {[%clk 00:15:31]} {[%emt 00:01:21]} Nf6 {[%clk 00:21:25]}
{[%emt 00:09:59]} 25. b3 {[%clk 00:13:33]} {[%emt 00:02:08]} Bd6 {[%clk
00:20:15]} {[%emt 00:01:20]} 26. Bc4 {[%clk 00:12:54]} {[%emt 00:00:49]} Nd5
{[%clk 00:19:26]} {[%emt 00:00:59]} 27. Qd3 {[%clk 00:09:52]} {[%emt 00:03:12]}
e4 {[%clk 00:14:16]} {[%emt 00:05:20]} 28. Qd4 {[%clk 00:07:39]} {[%emt
00:02:23]} Be5 {[%clk 00:12:55]} {[%emt 00:01:32]} 29. Qd2 {[%clk 00:07:13]}
{[%emt 00:00:35]} Bxc3 {[%clk 00:11:52]} {[%emt 00:01:13]} 30. Bxc3 {[%clk
00:07:12]} {[%emt 00:00:12]} Rad8 {[%clk 00:11:22]} {[%emt 00:00:40]} 31. Bxd5
{[%emt 00:02:15]} Rxd5 {[%clk 00:10:40]} {[%emt 00:00:51]} 32. Qf4 {[%clk
00:05:01]} {[%emt 00:00:15]} Rfd8 {[%clk 00:09:05]} {[%emt 00:01:47]} 33. Qg3
{[%clk 00:03:42]} {[%emt 00:01:28]} R8d7 {[%clk 00:08:32]} {[%emt 00:00:43]} 34.
Rxd5 {[%clk 00:02:49]} {[%emt 00:01:04]} cxd5 {[%clk 00:08:14]} {[%emt
00:00:27]} 35. Bd4 {[%clk 00:02:33]} {[%emt 00:00:26]} Kh7 {[%clk 00:07:43]}
{[%emt 00:00:41]} 36. Rc1 {[%clk 00:02:17]} {[%emt 00:00:26]} Qf7 {[%clk
00:07:12]} {[%emt 00:00:42]} 37. f4 {[%clk 00:01:39]} {[%emt 00:00:48]} Rc7
{[%clk 00:06:33]} {[%emt 00:00:49]} 38. Rc3 {[%clk 00:01:24]} {[%emt 00:00:25]}
Qd7 {[%clk 00:04:48]} {[%emt 00:01:55]} 39. Be5 {[%clk 00:00:52]} {[%emt
00:00:41]} Rxc3 {[%clk 00:03:18]} {[%emt 00:01:41]} 40. Qxc3 {[%clk 00:00:52]}
{[%emt 00:00:01]} g5 {[%clk 00:02:38]} {[%emt 00:00:49]} 41. g3 {[%clk
00:00:27]} {[%emt 00:00:35]} Qc6 {[%clk 00:02:07]} {[%emt 00:00:40]} 42. Kf2
{[%clk 00:00:20]} {[%emt 00:00:17]} gxf4 {[%clk 00:01:43]} {[%emt 00:00:36]} 43.
gxf4 {[%clk 00:00:20]} {[%emt 00:00:05]} Qxc3 {[%clk 00:01:23]} {[%emt
00:00:29]} 44. Bxc3 {[%clk 00:00:20]} {[%emt 00:00:02]} Kg6 {[%clk 00:01:23]}
{[%emt 00:00:01]} 45. h3 {[%clk 00:00:20]} {[%emt 00:00:10]} Kf7 {[%clk
00:00:41]} {[%emt 00:00:52]} 46. Ke3 {[%clk 00:00:20]} {[%emt 00:00:04]} Ke6
{[%clk 00:00:37]} {[%emt 00:00:14]} 47. Kd4 {[%clk 00:00:20]} Kd6 {[%clk
00:00:33]} {[%emt 00:00:15]} 48. Bb4+ {[%clk 00:00:20]} {[%emt 00:00:09]} Kc6
{[%clk 00:00:33]} {[%emt 00:00:08]} 49. Bd2 {[%clk 00:00:20]} {[%emt 00:00:07]}
Kd6 {[%clk 00:00:31]} {[%emt 00:00:12]} 50. a3 {[%clk 00:00:20]} {[%emt
00:00:08]} Bc8 {[%clk 00:00:27]} {[%emt 00:00:14]} 51. Bb4+ {[%clk 00:00:20]}
{[%emt 00:00:09]} Kc6 {[%clk 00:00:27]} {[%emt 00:00:02]} 52. Bc3 {[%clk
00:00:20]} {[%emt 00:00:03]} h5 {[%emt 00:00:21]} 53. Bd2 {[%clk 00:00:20]}
{[%emt 00:00:08]} Kd6 {[%clk 00:00:17]} {[%emt 00:00:09]} 54. Bc1 {[%clk
00:00:20]} {[%emt 00:00:09]} Be6 {[%clk 00:00:17]} {[%emt 00:00:11]} 55. Bb2
{[%clk 00:00:20]} {[%emt 00:00:06]} Bc8 {[%clk 00:00:16]} {[%emt 00:00:11]} 56.
Bc3 {[%clk 00:00:20]} {[%emt 00:00:01]} Bb7 {[%clk 00:00:16]} {[%emt 00:00:08]}
57. Bb4+ {[%clk 00:00:20]} {[%emt 00:00:05]} Kc6 {[%clk 00:00:16]} {[%emt
00:00:02]} 58. Bd2 {[%clk 00:00:20]} {[%emt 00:00:05]} Bc8 {[%clk 00:00:16]}
{[%emt 00:00:11]} 59. a4 {[%clk 00:00:20]} {[%emt 00:00:07]} Kd6 {[%clk
00:00:16]} {[%emt 00:00:08]} 60. Be1 {[%clk 00:00:20]} {[%emt 00:00:06]} Bb7
{[%clk 00:00:16]} {[%emt 00:00:11]} 61. Bb4+ {[%clk 00:00:20]} {[%emt
00:00:02]} Kc6 {[%clk 00:00:16]} {[%emt 00:00:02]} 62. Bc3 {[%clk 00:00:19]}
{[%emt 00:00:10]} Bc8 {[%clk 00:00:16]} {[%emt 00:00:09]} 63. Ke5 {[%clk
00:00:19]} {[%emt 00:00:06]} Kc5 {[%clk 00:00:13]} {[%emt 00:00:12]} 64. h4
{[%clk 00:00:16]} {[%emt 00:00:13]} a5 {[%clk 00:00:12]} {[%emt 00:00:11]} 65.
Bd4+ {[%clk 00:00:03]} {[%emt 00:00:23]} Kb4 {[%clk 00:00:12]} {[%emt
00:00:10]} 66. Kxd5 {[%emt 00:00:10]} Kxb3 {[%clk 00:00:12]} {[%emt 00:00:04]}
67. Bb6 {[%clk 00:00:03]} {[%emt 00:00:02]} Kxa4 {[%clk 00:00:12]} {[%emt
00:00:04]} 68. Kc4 {[%clk 00:00:03]} Be6 {[%clk 00:00:12]} {[%emt 00:00:09]} 69.
Kc3 {[%clk 00:00:03]} {[%emt 00:00:01]} Kb5 {[%clk 00:00:12]} {[%emt 00:00:03]}
70. Bd8 {[%clk 00:00:03]} {[%emt 00:00:02]} a4 {[%clk 00:00:12]} {[%emt
00:00:08]} 71. Be7 {[%clk 00:00:03]} Bf7 {[%clk 00:00:11]} {[%emt 00:00:11]} 72.
Kd4 {[%clk 00:00:03]} {[%emt 00:00:01]} Be8 {[%clk 00:00:11]} {[%emt 00:00:10]}
73. Bf8 {[%clk 00:00:03]} {[%emt 00:00:02]} Bd7 {[%clk 00:00:11]} {[%emt
00:00:08]} 74. Ba3 {[%clk 00:00:03]} {[%emt 00:00:01]} e3 {[%clk 00:00:11]}
{[%emt 00:00:11]} 75. Kxe3 {[%clk 00:00:03]} {[%emt 00:00:01]} Kc4 {[%clk
00:00:11]} {[%emt 00:00:01]} 76. Be7 {[%clk 00:00:03]} {[%emt 00:00:04]} Bc6
{[%clk 00:00:11]} {[%emt 00:00:10]} 77. Bd6 {[%clk 00:00:03]} {[%emt 00:00:07]}
Be4 {[%clk 00:00:11]} {[%emt 00:00:09]} 78. Be7 {[%clk 00:00:03]} {[%emt
00:00:10]} Kb3 {[%clk 00:00:11]} {[%emt 00:00:08]} 79. Kd2 {[%clk 00:00:03]}
{[%emt 00:00:02]} a3 {[%clk 00:00:11]} {[%emt 00:00:03]} 80. Bd6 {[%clk
00:00:03]} {[%emt 00:00:09]} Kb2 {[%clk 00:00:11]} {[%emt 00:00:08]} 81. Be5+
{[%clk 00:00:03]} {[%emt 00:00:09]} Kb1 {[%clk 00:00:11]} {[%emt 00:00:04]} 82.
Kc3 {[%clk 00:00:03]} {[%emt 00:00:06]} a2 {[%clk 00:00:11]} {[%emt 00:00:04]}
83. Kc4 {[%emt 00:00:05]} a1=Q {[%clk 00:00:11]} {[%emt 00:00:03]} 84. Bxa1
{[%clk 00:00:03]} {[%emt 00:00:01]} Kxa1 {[%clk 00:00:11]} {[%emt 00:00:01]} 85.
Kd4 {[%clk 00:00:03]} Kb2 {[%clk 00:00:11]} {[%emt 00:00:03]} 86. Ke5 {[%clk
00:00:03]} {[%emt 00:00:01]} Kc3 {[%clk 00:00:11]} {[%emt 00:00:06]} 87. Kf6
{[%clk 00:00:03]} Kd4 {[%clk 00:00:11]} {[%emt 00:00:07]} 88. Kg6 {[%clk
00:00:03]} {[%emt 00:00:03]} Ke3 {[%clk 00:00:11]} {[%emt 00:00:09]} 89. Kg5
{[%clk 00:00:03]} {[%emt 00:00:03]} Kf3 {[%clk 00:00:11]} {[%emt 00:00:04]} 90.
Kxh5 {[%clk 00:00:03]} {[%emt 00:00:02]} Kxf4 {[%clk 00:00:11]} {[%emt
00:00:01]} 91. Kg6 {[%clk 00:00:03]} Ke3 {[%clk 00:00:11]} {[%emt 00:00:08]} 92.
h5 {[%clk 00:00:03]} {[%emt 00:00:02]} f4+ {[%clk 00:00:11]} {[%emt 00:00:02]}
93. Kg5 {[%clk 00:00:01]} {[%emt 00:00:12]} f3 {[%clk 00:00:11]} {[%emt
00:00:03]} 94. h6 {[%clk 00:00:01]} {[%emt 00:00:01]} f2 {[%clk 00:00:11]}
{[%emt 00:00:03]} 95. h7 {[%clk 00:00:01]} {[%emt 00:00:05]} Bxh7 {[%clk
00:00:11]} {[%emt 00:00:03]} 96. Kf6 {[%clk 00:00:01]} {[%emt 00:00:02]} f1=Q+
{[%clk 00:00:11]} {[%emt 00:00:02]} 97. Ke5 {[%clk 00:00:01]} Qf5+ {[%clk
00:00:11]} {[%emt 00:00:03]} 98. Kd6 {[%clk 00:00:01]} Kd4 {[%clk 00:00:11]}
{[%emt 00:00:03]} 99. Kc6 {[%clk 00:00:01]} Qc5+ {[%clk 00:00:11]} {[%emt
00:00:04]} 100. Kd7 {[%clk 00:00:01]} {[%emt 00:00:01]} Bf5+ {[%clk 00:00:11]}
{[%emt 00:00:02]} 101. Kd8 {[%clk 00:00:01]} Ke5 {[%clk 00:00:11]} {[%emt
00:00:10]} 102. Ke8 {[%clk 00:00:01]} {[%emt 00:00:01]} Kf6 {[%clk 00:00:11]}
{[%emt 00:00:09]} 103. Kd8 {[%clk 00:00:01]} {[%emt 00:00:01]} Qc8# {[%clk
00:00:11]} {[%emt 00:00:01]} 0-1

[Event "2024 US National High School (K-12) Championship"]
[Site "Baltimore, Maryland, United States"]
[Date "2024.04.06"]
[Round "5.9"]
[White "Cruz, Jean Marco"]
[Black "Xie, Timothy"]
[Result "1/2-1/2"]
[TimeControl "G/90; d10"]
[WhiteTitle "FM"]
[WhiteFideId "3526402"]
[BlackFideId "30943264"]
[WhiteElo "2272"]
[BlackElo "2113"]

1. Nf3 {[%clk 01:29:42]} {[%emt 00:00:46]} Nf6 {[%clk 01:30:00]} {[%emt
00:00:05]} 2. c4 {[%clk 01:29:42]} {[%emt 00:00:02]} e6 {[%clk 01:30:00]}
{[%emt 00:00:02]} 3. g3 {[%clk 01:29:27]} {[%emt 00:00:17]} b6 {[%clk
01:29:56]} {[%emt 00:00:15]} 4. Bg2 {[%clk 01:29:27]} {[%emt 00:00:06]} d5
{[%clk 01:29:54]} {[%emt 00:00:12]} 5. O-O {[%clk 01:28:50]} {[%emt 00:00:47]}
Be7 {[%clk 01:29:54]} {[%emt 00:00:08]} 6. b3 {[%clk 01:28:40]} {[%emt
00:00:20]} O-O {[%clk 01:29:47]} {[%emt 00:00:17]} 7. Bb2 {[%clk 01:28:40]}
{[%emt 00:00:03]} c6 {[%clk 01:29:14]} {[%emt 00:00:44]} 8. Qc2 {[%clk
01:27:43]} {[%emt 00:01:08]} Bb7 {[%clk 01:28:12]} {[%emt 00:01:11]} 9. d4
{[%clk 01:24:28]} {[%emt 00:03:25]} Qc7 {[%clk 01:26:47]} {[%emt 00:01:35]} 10.
Nbd2 {[%clk 01:12:41]} {[%emt 00:11:57]} Nbd7 {[%clk 01:19:42]} {[%emt
00:07:15]} 11. Rfe1 {[%clk 01:09:19]} {[%emt 00:03:32]} Rfe8 {[%clk 01:16:47]}
{[%emt 00:03:05]} 12. Rac1 {[%clk 01:06:06]} {[%emt 00:03:22]} Rac8 {[%clk
01:16:02]} {[%emt 00:00:56]} 13. Ne5 {[%clk 01:03:40]} {[%emt 00:02:37]} c5
{[%clk 01:11:32]} {[%emt 00:04:39]} 14. cxd5 {[%clk 01:02:51]} {[%emt
00:00:59]} exd5 {[%clk 01:10:27]} {[%emt 00:01:14]} 15. Nd3 {[%clk 01:01:19]}
{[%emt 00:01:43]} Qb8 {[%clk 01:07:42]} {[%emt 00:02:54]} 16. Qb1 {[%clk
00:58:52]} {[%emt 00:02:37]} Bd6 {[%clk 01:00:31]} {[%emt 00:07:22]} 17. e3
{[%clk 00:53:19]} {[%emt 00:05:43]} Ne4 {[%clk 00:53:30]} {[%emt 00:07:11]} 18.
Nxe4 {[%clk 00:49:13]} {[%emt 00:04:16]} dxe4 {[%clk 00:52:40]} {[%emt
00:00:59]} 19. Nf4 {[%clk 00:49:12]} {[%emt 00:00:12]} a5 {[%clk 00:36:27]}
{[%emt 00:16:24]} 20. d5 {[%clk 00:35:21]} {[%emt 00:14:01]} Bxf4 {[%clk
00:33:31]} {[%emt 00:03:05]} 21. exf4 {[%clk 00:35:21]} {[%emt 00:00:06]} Bxd5
{[%clk 00:28:39]} {[%emt 00:05:02]} 22. Bxe4 {[%clk 00:35:13]} {[%emt
00:00:18]} Bxe4 {[%clk 00:28:39]} {[%emt 00:00:06]} 23. Rxe4 {[%clk 00:35:13]}
{[%emt 00:00:04]} Qa8 {[%clk 00:25:40]} {[%emt 00:03:09]} 24. Rxe8+ {[%clk
00:27:09]} {[%emt 00:08:14]} Rxe8 {[%clk 00:25:40]} {[%emt 00:00:05]} 25. Qf5
{[%clk 00:27:09]} {[%emt 00:00:06]} Qc6 {[%clk 00:22:49]} {[%emt 00:03:00]} 26.
Qg4 {[%clk 00:27:09]} {[%emt 00:00:10]} f6 {[%clk 00:22:07]} {[%emt 00:00:48]}
27. Rd1 {[%clk 00:26:22]} {[%emt 00:00:58]} Nf8 {[%clk 00:21:58]} {[%emt
00:00:18]} 28. f5 {[%clk 00:18:17]} {[%emt 00:08:16]} Re4 {[%clk 00:17:51]}
{[%emt 00:04:17]} 29. Qh5 {[%clk 00:18:07]} {[%emt 00:00:20]} c4 {[%clk
00:17:11]} {[%emt 00:00:50]} 30. Rc1 {[%clk 00:16:53]} {[%emt 00:01:23]} b5
{[%clk 00:16:39]} {[%emt 00:00:42]} 31. Qd1 {[%clk 00:15:52]} {[%emt 00:01:11]}
Nd7 {[%clk 00:13:49]} {[%emt 00:03:01]} 32. a4 {[%clk 00:15:37]} {[%emt
00:00:25]} Nb6 {[%clk 00:12:20]} {[%emt 00:01:40]} 33. axb5 {[%clk 00:10:37]}
{[%emt 00:05:09]} Qxb5 {[%clk 00:12:20]} {[%emt 00:00:07]} 34. bxc4 {[%clk
00:10:37]} {[%emt 00:00:07]} Nxc4 {[%clk 00:09:18]} {[%emt 00:03:12]} 35. Ba1
{[%clk 00:10:37]} {[%emt 00:00:05]} Nb6 {[%clk 00:07:45]} {[%emt 00:01:43]} 36.
Qd6 {[%clk 00:03:56]} {[%emt 00:06:51]} Nc4 {[%clk 00:05:18]} {[%emt 00:02:37]}
37. Qd3 {[%clk 00:03:33]} {[%emt 00:00:31]} Qxf5 {[%clk 00:05:00]} {[%emt
00:00:30]} 38. Qd8+ {[%clk 00:03:33]} {[%emt 00:00:05]} Kf7 {[%clk 00:05:00]}
{[%emt 00:00:04]} 39. Qc7+ {[%clk 00:03:32]} {[%emt 00:00:12]} Kg6 {[%clk
00:05:00]} {[%emt 00:00:09]} 40. Rxc4 {[%clk 00:02:46]} {[%emt 00:00:55]} Re1+
{[%clk 00:04:58]} {[%emt 00:00:13]} 41. Kg2 {[%clk 00:02:46]} {[%emt 00:00:03]}
Rxa1 {[%clk 00:04:54]} {[%emt 00:00:14]} 42. Qc6 {[%clk 00:02:46]} {[%emt
00:00:05]} h6 {[%clk 00:04:32]} {[%emt 00:00:31]} 43. Qe8+ {[%clk 00:01:07]}
{[%emt 00:01:50]} Kh7 {[%clk 00:04:32]} {[%emt 00:00:06]} 44. Rc8 {[%clk
00:01:07]} {[%emt 00:00:03]} Qd5+ {[%clk 00:03:43]} {[%emt 00:00:59]} 45. Kh3
{[%clk 00:01:07]} Qf5+ {[%clk 00:03:08]} {[%emt 00:00:46]} 46. Kg2 {[%clk
00:01:07]} 1/2-1/2

[Event "2024 US National High School (K-12) Championship"]
[Site "Baltimore, Maryland, United States"]
[Date "2024.04.06"]
[Round "5.10"]
[White "Wright, James Douglas"]
[Black "Underwood, Toshinori"]
[Result "0-1"]
[TimeControl "G/90; d10"]
[WhiteFideId "39911675"]
[BlackFideId "30941555"]
[WhiteElo "1991"]
[BlackElo "2257"]

1. d4 {[%clk 01:30:00]} {[%emt 00:00:18]} Nf6 {[%clk 01:30:00]} {[%emt
00:00:06]} 2. Nf3 {[%clk 01:29:56]} {[%emt 00:00:20]} e6 {[%clk 01:30:00]}
{[%emt 00:00:03]} 3. g3 {[%clk 01:29:52]} {[%emt 00:00:06]} Be7 {[%clk
01:30:00]} {[%emt 00:00:01]} 4. Bg2 {[%clk 01:29:46]} {[%emt 00:00:04]} d5
{[%clk 01:30:00]} {[%emt 00:00:02]} 5. O-O {[%clk 01:29:43]} {[%emt 00:00:12]}
O-O {[%clk 01:30:00]} {[%emt 00:00:06]} 6. c4 {[%clk 01:29:43]} {[%emt
00:00:05]} dxc4 {[%clk 01:30:00]} {[%emt 00:00:07]} 7. Qc2 {[%clk 01:29:43]}
{[%emt 00:00:05]} a6 {[%clk 01:30:00]} {[%emt 00:00:07]} 8. a4 {[%clk
01:29:43]} {[%emt 00:00:05]} Bd7 {[%clk 01:29:55]} {[%emt 00:00:15]} 9. Qxc4
{[%clk 01:29:43]} {[%emt 00:00:10]} Bc6 {[%clk 01:29:50]} {[%emt 00:00:16]} 10.
Bg5 {[%clk 01:29:41]} {[%emt 00:00:11]} b5 {[%clk 01:17:34]} {[%emt 00:12:27]}
11. Qc2 {[%clk 01:24:02]} {[%emt 00:05:47]} Be4 {[%clk 01:12:22]} {[%emt
00:05:23]} 12. Qc1 {[%clk 01:24:02]} {[%emt 00:00:11]} Nbd7 {[%clk 01:02:26]}
{[%emt 00:10:05]} 13. Nbd2 {[%clk 01:06:25]} {[%emt 00:17:47]} Bd5 {[%clk
00:54:19]} {[%emt 00:08:17]} 14. Qc2 {[%clk 01:05:25]} {[%emt 00:01:10]} c5
{[%clk 00:47:53]} {[%emt 00:06:37]} 15. Bxf6 {[%clk 00:56:36]} {[%emt
00:08:59]} gxf6 {[%clk 00:44:23]} {[%emt 00:03:41]} 16. e4 {[%clk 00:42:09]}
{[%emt 00:14:37]} Bb7 {[%clk 00:43:30]} {[%emt 00:01:03]} 17. d5 {[%clk
00:42:09]} {[%emt 00:00:05]} Qb6 {[%clk 00:29:05]} {[%emt 00:14:33]} 18. a5
{[%clk 00:37:54]} {[%emt 00:04:27]} Qc7 {[%clk 00:27:09]} {[%emt 00:02:05]} 19.
Nd4 {[%clk 00:34:34]} {[%emt 00:03:31]} Qd6 {[%clk 00:26:05]} {[%emt 00:01:13]}
20. Nc6 {[%clk 00:33:24]} {[%emt 00:01:21]} Bxc6 {[%clk 00:24:22]} {[%emt
00:01:52]} 21. dxc6 {[%clk 00:33:24]} {[%emt 00:00:02]} Ne5 {[%clk 00:24:10]}
{[%emt 00:00:22]} 22. Rad1 {[%clk 00:32:44]} {[%emt 00:00:51]} Qxc6 {[%clk
00:22:40]} {[%emt 00:01:40]} 23. f4 {[%clk 00:32:18]} {[%emt 00:00:36]} Ng4
{[%clk 00:22:29]} {[%emt 00:00:20]} 24. e5 {[%clk 00:30:54]} {[%emt 00:01:35]}
Qxg2+ {[%clk 00:22:25]} {[%emt 00:00:15]} 25. Kxg2 {[%clk 00:30:54]} {[%emt
00:00:01]} Ne3+ {[%clk 00:22:25]} {[%emt 00:00:06]} 26. Kf3 {[%clk 00:30:54]}
{[%emt 00:00:07]} Nxc2 {[%clk 00:22:25]} 0-1

[Event "2024 US National High School (K-12) Championship"]
[Site "Baltimore, Maryland, United States"]
[Date "2024.04.06"]
[Round "5.11"]
[White "Lee, Jayden H"]
[Black "Deligiannis, Dimitrios M"]
[Result "1-0"]
[TimeControl "G/90; d10"]
[WhiteFideId "30939011"]
[BlackFideId "30955769"]
[WhiteElo "2249"]
[BlackElo "1746"]

1. e4 {[%clk 01:30:00]} {[%emt 00:00:09]} c5 {[%clk 01:30:00]} {[%emt
00:00:08]} 2. Nf3 {[%clk 01:30:00]} {[%emt 00:00:10]} Nc6 {[%clk 01:30:00]}
{[%emt 00:00:05]} 3. Nc3 {[%clk 01:30:00]} {[%emt 00:00:08]} g6 {[%clk
01:29:33]} {[%emt 00:00:19]} 4. d4 {[%clk 01:30:00]} {[%emt 00:00:03]} cxd4
{[%clk 01:29:33]} {[%emt 00:00:06]} 5. Nxd4 {[%clk 01:30:00]} {[%emt 00:00:03]}
Bg7 {[%clk 01:29:33]} {[%emt 00:00:07]} 6. Be3 {[%clk 01:30:00]} {[%emt
00:00:03]} d6 {[%clk 01:29:14]} {[%emt 00:00:28]} 7. Bc4 {[%clk 01:29:47]}
{[%emt 00:00:23]} Nf6 {[%clk 01:28:59]} {[%emt 00:00:25]} 8. f3 {[%clk
01:29:47]} {[%emt 00:00:05]} O-O {[%clk 01:28:56]} {[%emt 00:00:13]} 9. Bb3
{[%clk 01:29:47]} {[%emt 00:00:02]} Bd7 {[%clk 01:28:15]} {[%emt 00:00:51]} 10.
Qd2 {[%clk 01:29:47]} {[%emt 00:00:04]} Na5 {[%clk 01:28:01]} {[%emt 00:00:23]}
11. h4 {[%clk 01:29:47]} {[%emt 00:00:08]} a6 {[%clk 01:18:04]} {[%emt
00:10:06]} 12. Bh6 {[%clk 01:29:37]} {[%emt 00:00:21]} e5 {[%clk 01:07:12]}
{[%emt 00:11:01]} 13. Nde2 {[%clk 01:29:10]} {[%emt 00:00:37]} Nxb3 {[%clk
01:07:12]} {[%emt 00:00:11]} 14. axb3 {[%clk 01:29:10]} {[%emt 00:00:08]} Bc6
{[%clk 01:06:02]} {[%emt 00:01:19]} 15. O-O-O {[%clk 01:27:52]} {[%emt
00:01:28]} Qd7 {[%clk 00:49:03]} {[%emt 00:17:08]} 16. h5 {[%clk 01:25:12]}
{[%emt 00:02:49]} Rad8 {[%clk 00:47:21]} {[%emt 00:01:53]} 17. g4 {[%clk
01:24:54]} {[%emt 00:00:28]} d5 {[%clk 00:46:02]} {[%emt 00:01:29]} 18. Bxg7
{[%clk 01:24:54]} {[%emt 00:00:05]} Kxg7 {[%clk 00:46:02]} {[%emt 00:00:05]} 19.
hxg6 {[%clk 01:24:54]} {[%emt 00:00:08]} fxg6 {[%clk 00:46:02]} {[%emt
00:00:09]} 20. exd5 {[%clk 01:23:18]} {[%emt 00:01:46]} Bb5 {[%clk 00:42:07]}
{[%emt 00:04:05]} 21. Ng3 {[%clk 01:23:07]} {[%emt 00:00:22]} Qc7 {[%clk
00:31:00]} {[%emt 00:11:16]} 22. d6 {[%clk 01:17:44]} {[%emt 00:05:33]} Qf7
{[%clk 00:28:11]} {[%emt 00:02:59]} 23. Nge4 {[%clk 01:17:35]} {[%emt
00:00:20]} Nxe4 {[%clk 00:26:11]} {[%emt 00:02:09]} 24. Nxe4 {[%clk 01:17:35]}
{[%emt 00:00:04]} Qf4 {[%clk 00:19:03]} {[%emt 00:07:19]} 25. Ng5 {[%clk
01:17:18]} {[%emt 00:00:27]} Qxd2+ {[%clk 00:18:49]} {[%emt 00:00:24]} 26. Rxd2
{[%clk 01:17:18]} {[%emt 00:00:05]} Rfe8 {[%clk 00:18:08]} {[%emt 00:00:50]} 27.
Rxh7+ {[%clk 01:17:06]} {[%emt 00:00:22]} Kf6 {[%clk 00:18:08]} {[%emt
00:00:08]} 28. Ne4+ {[%clk 01:17:06]} {[%emt 00:00:05]} Ke6 {[%clk 00:18:07]}
{[%emt 00:00:11]} 29. d7 {[%clk 01:16:48]} {[%emt 00:00:29]} Rxd7 {[%clk
00:17:34]} {[%emt 00:00:42]} 30. Nc5+ {[%clk 01:16:48]} {[%emt 00:00:09]} Kf6
{[%clk 00:17:33]} {[%emt 00:00:11]} 31. Nxd7+ {[%clk 01:16:48]} {[%emt
00:00:06]} Bxd7 {[%clk 00:17:33]} {[%emt 00:00:07]} 32. Rdxd7 {[%clk 01:16:48]}
{[%emt 00:00:07]} e4 {[%clk 00:17:24]} {[%emt 00:00:19]} 33. f4 {[%clk
01:16:36]} {[%emt 00:00:23]} e3 {[%clk 00:17:24]} {[%emt 00:00:06]} 34. Rd6+
{[%clk 01:16:36]} {[%emt 00:00:08]} Re6 {[%clk 00:17:24]} {[%emt 00:00:08]} 35.
g5+ {[%clk 01:16:36]} {[%emt 00:00:04]} Kf5 {[%clk 00:17:19]} {[%emt 00:00:14]}
36. Rf7+ {[%clk 01:16:36]} {[%emt 00:00:03]} Kg4 {[%clk 00:17:04]} {[%emt
00:00:26]} 37. Rxe6 {[%clk 01:16:36]} {[%emt 00:00:04]} Kf3 {[%clk 00:17:03]}
{[%emt 00:00:10]} 38. f5 {[%clk 01:16:36]} {[%emt 00:00:05]} e2 {[%clk
00:16:59]} {[%emt 00:00:14]} 39. fxg6+ {[%clk 01:16:36]} {[%emt 00:00:10]} Kg2
{[%clk 00:16:59]} {[%emt 00:00:08]} 40. g7 {[%clk 01:16:36]} {[%emt 00:00:09]}
e1=N {[%clk 00:16:53]} {[%emt 00:00:14]} 41. Rxe1 {[%clk 01:16:36]} {[%emt
00:00:08]} Kh3 {[%clk 00:16:53]} {[%emt 00:00:10]} 42. g8=Q {[%clk 01:16:33]}
{[%emt 00:00:13]} Kh4 {[%clk 00:16:53]} {[%emt 00:00:08]} 43. g6 {[%clk
01:16:33]} {[%emt 00:00:07]} Kh3 {[%clk 00:16:53]} {[%emt 00:00:06]} 44. g7
{[%clk 01:16:33]} {[%emt 00:00:03]} Kh2 {[%clk 00:16:53]} {[%emt 00:00:05]} 45.
Qh8+ {[%clk 01:16:28]} {[%emt 00:00:16]} Kg2 {[%clk 00:16:53]} {[%emt
00:00:05]} 46. g8=Q+ {[%clk 01:16:28]} {[%emt 00:00:08]} 1-0